Técnicas de investigación documental.

Збережено в:
Бібліографічні деталі
Автор: Hochman, Elena (autor)
Інші автори: Montero, Maritza (autor) (autor)
Формат: Книга
Мова:Іспанська
Предмети:
Теги: Додати тег
Немає тегів, Будьте першим, хто поставить тег для цього запису!

MARC

LEADER 00000cam^a2200000uu^4500
001 000457855
005 20250521000000.0
008 050901s1983^^^^^^^^^^^^rd^r^^000^0^spa^d
009 20260310124054.867
035 |a FCE 000000299 
035 |a FCE 000300 
037 |a Acervo ITESO - Biblioteca 
041 |a spa 
082 0 4 |a 001.42  |b HOCt 
100 |a Hochman, Elena  |e (autor) 
245 1 0 |a Técnicas de investigación documental. 
264 |a México :  |b Trillas,  |c 1983. 
300 |a 88 p. 
336 |a texto  |b txt  |2 rdacontenido 
337 |a sin mediación  |b n  |2 rdamedio 
338 |a volumen  |b nc  |2 rdasoporte 
649 |a XX 
650 |a Metodología de la investigación 
650 |a Técnica de investigación 
650 |a Investigación documental 
700 |a Montero, Maritza  |e (autor) 
910 |a Fondo Centro de Estudios Educativos 
920 |a Impresos - Libros 
930 |a Fondos Especiales 
905 |a 133 
901 |a ALE000300  |b IT2  |c CEE  |u 20250521 
901 |a ALE045568  |b IT2  |c CEE  |u 20250521 
902 |a https://opac.biblio.iteso.mx/vufind/Record/000457855